000 00321nam a2200121Ia 4500
008 190216s9999||||xx |||||||||||||| ||und||
100 _aBhattachary S C
245 0 _aStrategic Management Concepts And Cases
260 _bTata Mcgraw Hill Publishing Company Ltd
_c1999
300 _a302p
650 _aCommerce
942 _cBK
999 _c5927
_d5927